| 000 | 00755nam a2200229Ia 4500 | ||
|---|---|---|---|
| 003 | OSt | ||
| 005 | 20240925113201.0 | ||
| 008 | 220927b |||||||| |||| 00| 0 hin d | ||
| 020 |
_cINR 9900.00 _a9788183306027 |
||
| 037 |
_b78, 12/02/2018, Kiran Book Service _cReference Collections |
||
| 040 |
_aSDCL _cSDCL _bhin |
||
| 041 |
_2hin _ahin |
||
| 082 | _aUk Q6.8 RR | ||
| 100 | _aVerma, Ram Kumar | ||
| 245 | 0 | _aBharat ka bhugol vishwakosh. | |
| 260 |
_aNew Delhi : _bArjun Publishing House, _c2016. |
||
| 300 | _a240p. | ||
| 490 | _vVolume 8: Jal sansadhan bhugol. | ||
| 650 |
_aHindi _9391598 |
||
| 942 |
_hUk Q6.8 RR _cREF _2CC |
||
| 999 |
_c745819 _d745819 |
||